|
|
|
|
| LEADER |
00000cam a2200000 c 4500 |
| 001 |
178043133 |
| 003 |
DE-627 |
| 005 |
20240418012040.0 |
| 007 |
tu |
| 008 |
981030s1953 gw ||||| 00| ||ger c |
| 016 |
7 |
|
|a 453474713
|2 DE-101
|
| 020 |
|
|
|c : 7.50 (Lw.)
|
| 035 |
|
|
|a (DE-627)178043133
|
| 035 |
|
|
|a (DE-576)069862958
|
| 035 |
|
|
|a (DE-599)GBV178043133
|
| 035 |
|
|
|a (OCoLC)300236964
|
| 035 |
|
|
|a (OCoLC)300236964
|
| 035 |
|
|
|a (AT-OBV)AC05219015
|
| 040 |
|
|
|a DE-627
|b ger
|c DE-627
|e rakwb
|
| 041 |
|
|
|a ger
|
| 044 |
|
|
|c XA-DE
|
| 084 |
|
|
|a 08a
|2 sdnb
|
| 084 |
|
|
|a BU 8600
|2 rvk
|0 (DE-625)rvk/16937:
|
| 100 |
1 |
|
|0 (DE-588)117161853
|0 (DE-627)078610389
|0 (DE-576)16230627X
|4 aut
|a Mühlberger, Josef
|d 1903-1985
|
| 109 |
|
|
|a Mühlberger, Josef 1903-1985
|a Muehlberger, Josef 1903-1985
|
| 245 |
1 |
0 |
|a Buch der Tröstungen
|c Josef Mühlberger
|
| 263 |
|
|
|a Lw. : 7.50
|
| 264 |
|
1 |
|a Nürnberg
|b Glock u. Lutz
|c 1953
|
| 300 |
|
|
|a 187 S.
|c 8
|
| 336 |
|
|
|a Text
|b txt
|2 rdacontent
|
| 337 |
|
|
|a ohne Hilfsmittel zu benutzen
|b n
|2 rdamedia
|
| 338 |
|
|
|a Band
|b nc
|2 rdacarrier
|
| 583 |
1 |
|
|a Archivierung prüfen
|c 20220325
|f DE-640
|z 2
|2 pdager
|
| 583 |
1 |
|
|a Archivierung/Langzeitarchivierung gewährleistet
|f SLG
|x XA-DE-BW
|z Bibliothek Reinhold Schneider
|2 pdager
|5 DE-31
|
| 935 |
|
|
|a mteo
|
| 935 |
|
|
|i Blocktest
|
| 936 |
r |
v |
|a BU 8600
|b Mensch und Welt im Spiegel der Dichtung; Erzähl- und Vorlesematerial
|k Theologie und Religionswissenschaften
|k Religionspädagogik und Katechetik
|k Menschen als Adressaten und Partner von Erziehung, Unterweisung und Katechese
|k Mensch und Welt im Spiegel der Dichtung; Erzähl- und Vorlesematerial
|0 (DE-627)1270710249
|0 (DE-625)rvk/16937:
|0 (DE-576)200710249
|
| 951 |
|
|
|a BO
|
| ELC |
|
|
|b 1
|
| ORI |
|
|
|a SA-MARC-ixtheo_oa001.raw
|